000 00709nam a22002417a 4500
999 _c4316
_d4316
003 AR-CdUCM
008 190308b ||||| |||| 00| 0 spa d
020 _a968-16-1675-8
040 _aMUNICIPALIDAD PROVINCIAL DEL CUSCO
_cBIBLIOTECA MUNICIPAL DEL CUSCO
082 _a869.15 /
_bUR78
100 _aUrquizo, Francisco L
_913640
245 _aFui Soldado de Levita de esos de Caballeros /
260 _aMexico :
_bFondo de Cultura Economica,
_c1967.
300 _a178 paginas ;
_c21cm.
440 _aLecturas Mexicanas
_n47
_913641
500 _anovela
650 _aLiteratura
_983
650 _aHistoria
_9136
650 _aMexico
_918
650 _aSiglo XX
_98
942 _2ddc
_cLIBROS
945 _apjha